| 000 | 00898cab a2200253 4500 | ||
|---|---|---|---|
| 001 | WB3515-23 | ||
| 008 | 090401t1999 xxu||||| |||| 00| 0 eng d | ||
| 035 | _a(Sirsi) u92852 | ||
| 041 | _aeng | ||
| 245 | _aNew procedures for leases criticised | ||
| 260 | _c1999 | ||
| 350 | _a0 | ||
| 490 |
_aProperty Week _v64(15) 16 April 1999, 2 |
||
| 490 |
_aEstates Gazette _v(9915) 17 April 1999, 123(2) |
||
| 520 | _aProperty lawyers are concerned that new procedures relating to the exclusion of security of tenure agreements, to be brought in as part of the Woolf reforms on April 26, will make it harder to sign short leases. | ||
| 650 | _aCOMMERCIAL LEASES | ||
| 650 | _aLANDLORD AND TENANT ACT 1954 S38(4) | ||
| 650 | _aSECURITY OF TENURE | ||
| 650 | _aSHORT LEASES | ||
| 650 | _aWOOLF REFORMS | ||
| 690 | _aLANDLORD AND TENANT-BUSINESS TENANCIES | ||
| 942 | _n0 | ||
| 948 | _c20/04/1999 | ||
| 999 |
_c58857 _d58857 |
||